000 00663nam a22002057a 4500
003 UA-OsUOA
001 39310
007 ta
008 20080403b un ||||| |||| 00| 0 ukr d
090 _a050
942 _cMG
040 _aUA-OsUOA
_bukr
_cUA-OsUOA
_dUA-OsUOA
245 _aКалендар "Рідна нива"
_b1985, 1986, 1987, 1989, 1990, 1991, 1994, 1996, 2000
955 _a4
041 _aukr
080 _a050
260 _aВінніпег
650 7 _a050 Серійні публікації. Періодика галузі, Організація та інші типи поєднання (співробітництва)
_2UDC
999 _c437836
_d437836